00377nam a2200133Ia 4500008004100000082001500041100001600056245009300072250000800165260002900173300000800202650001700210700001600227191201s2011 xx 000 0 und d a338.9bAHD aAHUJA, H L  0aDevelopment Economics : A Critical Study of Economic Growth, Development and Environment aRep aNew DelhibS Chandc2020 a769 aBA Economics aAHUJA, Amit